| 000 | 00447nam a2200169Ia 4500 | ||
|---|---|---|---|
| 008 | 140321s9999 xx 000 0 und d | ||
| 020 | _a9789382669739 | ||
| 050 |
_aT 175.5 _b.T43 2013 |
||
| 245 | _aTechnology management / | ||
| 260 |
_aUAE : _b3G Elearning, _cc2013. |
||
| 300 |
_a184 p. : _c28 cm. |
||
| 521 | _aIT | ||
| 650 |
_aResearch, Industrial _xManagement. |
||
| 650 |
_aTechnology _xManagement. |
||
| 942 |
_kFOR _cBK |
||
| 999 |
_c48546 _d48546 |
||